000 00645nam a2200217Ia 4500
003 GCL
008 140319s9999 xx 000 0 ara d
040 _aGCL /
_cGCL
082 0 4 _a690
_bم ك
100 1 _aمحمد ماجد عباس خلوصى
245 1 0 _aكيف تبنى مسكنك باقل تكلفه /
_cمحمد ماجد عباس خلوصى
260 _a[S.N] :
_bمطبعة النهضة العربية ،
_c1994
300 _a376 ص
490 _a
650 0 4 _aهندسة الانشاءات
650 0 4 _aالمبانى
650 0 4 _aالبناء
650 0 4 _aالمساكن
650 0 4 _aالعمارة
942 _2ddc
_cBK
999 _c37103
_d37103